| 000 | 00493nam a2200169Ia 4500 | ||
|---|---|---|---|
| 005 | 20250508162052.0 | ||
| 008 | 008 250505s9999 xx 000 0 eng d | ||
| 037 | _aBooks to be hide in OPAC | ||
| 040 |
_aFEDL _beng _cFEDL |
||
| 041 |
_aeng _2eng |
||
| 084 |
_a309.50, UNE _qFEDL |
||
| 245 | 0 | _aSocial sciences in Asia 3 Burma, Mongolia, New Zealand, the Philippines, singapore | |
| 260 | _c1977 | ||
| 300 | _a111p. | ||
| 942 |
_cHB _h309.50, UNE |
||
| 999 |
_c1374189 _d1374189 |
||